- Sproul, R. C.
Entrada Autor personal
Número de registros utilizados en: 3
001 - NUMERO DE CONTROL
- Campo de control: 802
003 - IDENTIFICADOR DE NUMERO DE CONTROL
- Campo de control: CO-MdFUSB
005 - HORA Y FECHA DE LA ULTIMA TRANSACCIÓN
- Campo de control: 20170307110117.0
008 - CAMPO DE LONGITUD FIJA
- Campo fijo de descripción fija: 800527n| azannaabn a aaa
040 ## - AGENCIA DE CATALOGACIÓN ORIGINAL
- Agencia de catalogación original: DLC
- Lenguaje de catalogación: eng
- Descripción de convenciones: rda
- Agencia que hace la transcripción: CO-MdFUSB
100 1# - AUTOR PERSONAL
- Autor personal: Sproul, R. C.
- Forma completa del nombre: (Robert Charles),
- Fechas asociadas con el nombre: 1939-
370 ## - LUGARES ASOCIADOS
- País asociado: Estados Unidos
375 ## - GENERO
- Género: masculino
377 ## - IDIOMA ASOCIADO
- Código del idioma: eng
400 1# - REFERENCIA DE ENVIO “VEASE” - NOMBRE PERSONAL
- Subcampo de control: nna
- Autor personal: Sproul, Robert Charles,
- Fechas asociadas con el nombre: 1939-
400 1# - REFERENCIA DE ENVIO “VEASE” - NOMBRE PERSONAL
- Subcampo de control: R. C. Sproul
- Títulos y otras obras asociadas con el nombre: Amerikaans theoloog
400 1# - REFERENCIA DE ENVIO “VEASE” - NOMBRE PERSONAL
- Subcampo de control: R. C. Sproul
- Títulos y otras obras asociadas con el nombre: US-amerikanischer Theologe
400 1# - REFERENCIA DE ENVIO “VEASE” - NOMBRE PERSONAL
- Autor personal: Robert Charles Sproul
400 1# - REFERENCIA DE ENVIO “VEASE” - NOMBRE PERSONAL
- Autor personal: Sproul, R. C
400 1# - REFERENCIA DE ENVIO “VEASE” - NOMBRE PERSONAL
- Subcampo de control: Sproul, Robert Charles
- Fechas asociadas con el nombre: 1939
400 1# - REFERENCIA DE ENVIO “VEASE” - NOMBRE PERSONAL
- Autor personal: Спрол, Роберт Чарльз
400 1# - REFERENCIA DE ENVIO “VEASE” - NOMBRE PERSONAL
- Autor personal: スプロール, R. C
670 ## - FUENTE EN LA QUE SE LOCALIZARON DATOS
- Fuente: His The psychology of atheism, 1974.
670 ## - FUENTE EN LA QUE SE LOCALIZARON DATOS
- Fuente: His The lightlings, 2006:
- Fuente de información: ECip t.p. (R.C. Sproul)
670 ## - FUENTE EN LA QUE SE LOCALIZARON DATOS
- Fuente: Pub. (Reformation Trust) confirmation e-mail, 2006-09-08:
- Fuente de información: (R.C. Sproul; author's full name is Robert Charles Sproul; b. 1939; R.C. (Robert Charles) also publishes Juv/YA fiction)
